| 000 | 00879nam a22002297a 4500 | ||
|---|---|---|---|
| 999 |
_c10856 _d10856 |
||
| 008 | 180924b ||||| |||| 00| 0 eng d | ||
| 020 | _a978-1-68095-629-0 | ||
| 082 |
_22017 _aDC 641.8 _bB230 |
||
| 245 |
_aBar management and control / _cedited by Aleksandar Mratinkovic, Dan Piestun, Hazem Shawky Fouda, Felecia Killings, and Sandra El Hajj |
||
| 260 |
_aUSA : _b3G E-learning, _c©2017. |
||
| 300 |
_ax, 238 pages : _bcolor illustrations ; _c23 cm. |
||
| 500 | _aIncludes index. | ||
| 650 |
_aBar management _931576 |
||
| 650 |
_aBars (Drinking establishments) -- Management. _931577 |
||
| 700 |
_aMratinkovic, Aleksandar, editor _931543 |
||
| 700 |
_aPiestun, Dan, editor _931544 |
||
| 700 |
_aFouda, Hazem Shawky, editor _931545 |
||
| 700 |
_aKillings, Felecia, editor _931546 |
||
| 700 |
_aHajj, Sandra EI, editor _931547 |
||
| 365 |
_b4,300.00 _cPhp. |
||
| 942 |
_2ddc _cDC |
||